V Jižní Africe musíme počkat na rozvoj trhu

Pokiaľ sa firma vydá so svojim biznisom až do vzdialenej Južnej Afriky, ocitne sa v prostredí, ktoré je veľmi odlišné od domáceho prostredia. O zápasoch, výhrach a prehrách v krajine na južnom konci afrického kontinentu s nami hovoril Miiroslav Michalko, riaditeľ technologicko-prepravnej spoločnosti...

Descrizione completa

Salvato in:
Dettagli Bibliografici
Autore principale: Toman, Pavel
Altri autori: Hubička, Filip
Natura: Capitolo di libro
Lingua:ceco
Soggetti:
Tags: Aggiungi Tag
Nessun Tag, puoi essere il primo ad aggiungerne!!

MARC

LEADER 00000naa a2200000 4500
001 0273949
005 20210525123224.2
041 0 |a cze 
044 |a CZ 
245 1 0 |a V Jižní Africe musíme počkat na rozvoj trhu  |c Pavel Toman, Filip Hubička 
520 |a Pokiaľ sa firma vydá so svojim biznisom až do vzdialenej Južnej Afriky, ocitne sa v prostredí, ktoré je veľmi odlišné od domáceho prostredia. O zápasoch, výhrach a prehrách v krajine na južnom konci afrického kontinentu s nami hovoril Miiroslav Michalko, riaditeľ technologicko-prepravnej spoločnosti Zaslat.cz. 
610 2 0 |a firmy 
610 2 0 |a podnikanie v zahraničí 
610 2 0 |a zasielateľstvo 
610 2 0 |a bariéry podnikania 
610 2 0 |a obchod elektronický 
610 2 0 |a zákazníci 
610 2 0 |a Afrika 
100 1 |a Toman, Pavel 
700 1 |a Hubička, Filip